000 00287nam a22001337a 4500
008 171201b xxu||||| |||| 00| 0 eng d
020 _a0618506802
041 _aeng
080 _a51
100 _a36
101 _aMAT
245 _aBASIC COLLEGE MATHEMTICS
_cAUFMANN
942 _2udc
_cBK
999 _c38694
_d38694